Opening Pandora's box - the Method of Measurement for Highway Works (MMHW): Part 4 - mechanics (Record no. 117544)

MARC details
000 -LEADER
fixed length control field 01210cam a2200265 4500
001 - CONTROL NUMBER
control field ABS67964
008 - FIXED-LENGTH DATA ELEMENTS--GENERAL INFORMATION
fixed length control field 040618n2004 000 0 eng u
035 ## - SYSTEM CONTROL NUMBER
System control number (Sirsi) u126510
100 ## - MAIN ENTRY--PERSONAL NAME
Personal name Mitchell, H.
245 ## - TITLE STATEMENT
Title Opening Pandora's box - the Method of Measurement for Highway Works (MMHW): Part 4 - mechanics
260 ## - PUBLICATION, DISTRIBUTION, ETC.
Date of publication, distribution, etc. 2004
490 ## - SERIES STATEMENT
Series statement Civil Engineering Surveyor
Volume/sequential designation June 2004, 31-33(3)
520 ## - SUMMARY, ETC.
Summary, etc. Considers the MMHW and the mechanics of its method. Advises that ignoring its procedures is unwise. Outlines the role of a bill of quantities in a contract document and details how the MMHW supports the measurement and preparation of a bill of quantities for highway works. Compares it with other similar types of contract by the use of tables and diagrams. Concludes that bills of quantities are often prepared in haste without due care for accuracy. (See also Abs67769, Abs67770).
590 ## - LOCAL NOTE (RLIN)
Local note ABS
590 ## - LOCAL NOTE (RLIN)
Local note ABS
650 ## - SUBJECT ADDED ENTRY--TOPICAL TERM
Topical term or geographic name entry element METHODS OF MEASUREMENT
650 ## - SUBJECT ADDED ENTRY--TOPICAL TERM
Topical term or geographic name entry element CIVIL ENGINEERING
650 ## - SUBJECT ADDED ENTRY--TOPICAL TERM
Topical term or geographic name entry element MMHW
650 ## - SUBJECT ADDED ENTRY--TOPICAL TERM
Topical term or geographic name entry element HIGHWAY ENGINEERING
650 ## - SUBJECT ADDED ENTRY--TOPICAL TERM
Topical term or geographic name entry element CONTRACT DOCUMENTS
650 ## - SUBJECT ADDED ENTRY--TOPICAL TERM
Topical term or geographic name entry element BILLS OF QUANTITIES
650 ## - SUBJECT ADDED ENTRY--TOPICAL TERM
Topical term or geographic name entry element CESMM
690 ## - LOCAL SUBJECT ADDED ENTRY--TOPICAL TERM (OCLC, RLIN)
Topical term or geographic name as entry element QUANTITY SURVEYING
9 (RLIN) 6263
942 ## - ADDED ENTRY ELEMENTS (KOHA)
Suppress in OPAC 0
Holdings
Withdrawn status Lost status Source of classification or shelving scheme Damaged status Not for loan Home library Current library Shelving location Date acquired Total Checkouts Full call number Barcode Date last seen Copy number Price effective from Koha item type
    Dewey Decimal Classification     London London Journal article 18/06/2004   ABS67964 126510-1001 06/08/2019 1 06/08/2019 Journal article